000 00655nam a2200181Ia 4500
008 151018s9999 xx 000 0 und d
082 _bRBASDV35540
_a891.433
100 _aजौकी आलम मुर्शरफ
245 _aफरिश्ते भी मरते है
250 _b1
260 _bजनशिक्षण साहित्य
_c2002
300 _a128
600 _aजौकी आलम मुर्शरफ
630 _aफरिश्ते भी मरते है
700 _aजौकी आलम मुर्शरफ
730 _aफरिश्ते भी मरते है
942 _cBOOK
999 _c1035015
_d1035012